00402 2200169 4500001002100000005001500021008004100036020001800077035001900095041000700114082001300121090001900134100001200153245002700165260002800192650001200220INLIS00000000001292420241224114446241224||||||||| | ||| |||| || |  a979-669-053-5 0010-1224012924 aid0 a398.5981 a398.5981 KAS c0 aKaslani00aSeri Pendidikan Budaya aJakartabGrasindoc1998 0afolklor